Loading...
| Current Events | 2 | 15.00 | 100% | 50% | 0% |
| Fine Arts - Classical Music | 5 | 14.00 | 80% | 20% | 40% |
| Fine Arts - Other Fine Arts | 5 | 14.00 | 100% | 40% | 0% |
| Geography | 2 | 15.00 | 100% | 50% | 0% |
| History - American History | 4 | 20.00 | 100% | 75% | 25% |
| History - European History | 6 | 21.67 | 100% | 67% | 50% |
| History - Other History | 6 | 18.33 | 100% | 83% | 0% |
| History - World History | 3 | 20.00 | 100% | 67% | 33% |
| Literature - American Literature | 4 | 12.50 | 100% | 25% | 0% |
| Literature - British Literature | 7 | 30.00 | 143% | 100% | 57% |
| Literature - European Literature | 5 | 24.00 | 80% | 80% | 80% |
| Literature - World Literature | 5 | 22.00 | 100% | 80% | 40% |
| Mythology | 4 | 27.50 | 100% | 100% | 75% |
| Painting/Sculpture | 5 | 20.00 | 100% | 60% | 40% |
| Philosophy | 6 | 18.33 | 100% | 67% | 17% |
| Pop Culture | 1 | 0.00 | 0% | 0% | 0% |
| Religion | 7 | 17.14 | 86% | 43% | 43% |
| Science - Biology | 6 | 21.67 | 100% | 67% | 50% |
| Science - Chemistry | 3 | 20.00 | 100% | 67% | 33% |
| Science - Other Science | 5 | 22.00 | 100% | 80% | 40% |
| Science - Physics | 3 | 20.00 | 100% | 67% | 33% |
| Social Science | 5 | 12.00 | 100% | 20% | 0% |